Democracy enters college ; a study of the rise and decline of the academic lockstep /

Bibliographic Details
Main Author: Duffus, R. L. (Robert Luther), 1888-1972
Format: Book
Language:English
Published: New York : Scribner, [1936]
Subjects:

MARC

Tag First Indicator Second Indicator Subfields
LEADER 00000cam a2200000 4500
001 in00000074244
005 20151008052543.0
008 750730s1936 nyu 00000 eng
010 |a  36019778  
035 |a (OCoLC)01490614 
035 |9 AAH3859AM 
040 |c ZGM  |d TXA  |d UtOrBLW 
049 |a TXAM  |c [67609] 
050 0 0 |a LA226  |b .D8 
092 |a 378.73  |b D857d 
100 1 |a Duffus, R. L.  |q (Robert Luther),  |d 1888-1972. 
245 1 0 |a Democracy enters college ;  |b a study of the rise and decline of the academic lockstep /  |c by R. L. Duffus. 
264 1 |a New York :  |b Scribner,  |c [1936] 
264 4 |c [©1936] 
300 |a ix, 244 pages ;  |c 21 cm. 
336 |a text  |b txt  |2 rdacontent 
337 |a unmediated  |b n  |2 rdamedia 
338 |a volume  |b nc  |2 rdacarrier 
500 |a "This study has been made under the auspices of the Carnegie Foundation for the Advancement of Teaching."--Foreword and acknowledgments. 
650 0 |a Universities and colleges  |z United States  |x History. 
650 0 |a Universities and colleges  |z United States  |x Entrance requirements. 
999 |a MARS 
999 f f |s e214aff2-52ae-332d-bb26-4937770961aa  |i 06adc0bf-5a50-3390-ae88-263c776f92ff  |t 0 
952 f f |p normal  |a Texas A&M University  |b College Station  |c Sterling C. Evans Library  |d Evans: Library Stacks  |t 0  |e LA226 .D8  |h Library of Congress classification  |i unmediated -- volume  |m A14800864477 
998 f f |a LA226 .D8  |t 0  |l Evans: Library Stacks